[Event "Chigorin Memorial 28th"]
[Site "St Petersburg"]
[Date "2021.10.29"]
[Round "7"]
[White "Menkov, Aleksandr"]
[Black "Isfandiyarli, Kamal"]
[Result "1-0"]
[WhiteElo "2193"]
[BlackElo "1772"]
[PlyCount "49"]
[EventDate "2021.10.23"]
[EventType "swiss"]
[EventRounds "9"]
[EventCountry "RUS"]
[SourceTitle "EXT 2023"]
[Source "ChessBase"]
[SourceDate "2022.10.05"]
[SourceVersion "1"]
[SourceVersionDate "2022.10.05"]
[SourceQuality "1"]

1. Nf3 Nf6 2. g3 g6 3. Bg2 Bg7 4. 0-0 0-0 5. c4 d5 6. cxd5 Nxd5 7. e4 Nb6 8. d3 Nc6 9. Nc3 Bg4 10. h3 Bxf3 11. Bxf3 Qd7 12. a4 a5 13. Be3 Nd4 14. Rc1 Rac8 15. e5 Nxf3+ 16. Qxf3 Nxa4 17. Qd5 Qxd5 18. Nxd5 Rfe8 19. Rxc7 Rxc7 20. Nxc7 Rd8 21. d4 Rd7 22. Ra1 Nxb2 23. Rxa5 Bxe5 24. Ra8+ Kg7 25. Ne8+ 1-0

[Event "Chigorin Memorial 28th"]
[Site "St Petersburg"]
[Date "2021.10.28"]
[Round "6"]
[White "Letskiy, Maksim"]
[Black "Menkov, Aleksandr"]
[Result "0-1"]
[WhiteElo "1000"]
[BlackElo "2193"]
[PlyCount "58"]
[EventDate "2021.10.23"]
[EventType "swiss"]
[EventRounds "9"]
[EventCountry "RUS"]
[SourceTitle "EXT 2023"]
[Source "ChessBase"]
[SourceDate "2022.10.05"]
[SourceVersion "1"]
[SourceVersionDate "2022.10.05"]
[SourceQuality "1"]

1. e4 c5 2. Nf3 Nc6 3. Nc3 e6 4. Bc4 Nf6 5. 0-0 d5 6. exd5 exd5 7. Re1+ Be7 8. Bb5 d4 9. Ne5 Qc7 10. Na4 0-0 11. Bxc6 bxc6 12. d3 Bd6 13. Nf3 Bg4 14. h3 Bh5 15. Bg5 Nd5 16. g4 Bg6 17. Qd2 f6 18. Bh4 Nf4 19. Bg3 Nxh3+ 20. Kg2 Nf4+ 21. Bxf4 Bxf4 22. Qe2 Rae8 23. Qf1 Qd7 24. Nh2 Qd5+ 25. Nf3 h5 26. Rxe8 Rxe8 27. gxh5 Bxh5 28. Qd1 Qf5 29. Qh1 Bxf3+ 0-1

[Event "Chigorin Memorial 28th"]
[Site "St Petersburg"]
[Date "2021.10.26"]
[Round "4"]
[White "Menkov, Aleksandr"]
[Black "Melnikov, Fedor"]
[Result "1/2-1/2"]
[WhiteElo "2193"]
[BlackElo "1622"]
[PlyCount "106"]
[EventDate "2021.10.23"]
[EventType "swiss"]
[EventRounds "9"]
[EventCountry "RUS"]
[SourceTitle "EXT 2023"]
[Source "ChessBase"]
[SourceDate "2022.10.05"]
[SourceVersion "1"]
[SourceVersionDate "2022.10.05"]
[SourceQuality "1"]

1. Nf3 Nf6 2. g3 d5 3. d4 e6 4. c4 Be7 5. Bg2 0-0 6. 0-0 c5 7. cxd5 Nxd5 8. e4 Nf6 9. Nc3 cxd4 10. Nxd4 a6 11. Be3 e5 12. Nf5 Nc6 13. Nxe7+ Nxe7 14. Bc5 Bd7 15. Qb3 b5 16. f4 Re8 17. fxe5 Be6 18. Qa3 Ng4 19. Rad1 Qc7 20. Nd5 Bxd5 21. exd5 Rac8 22. Bd4 Ng6 23. d6 Qd7 24. Be4 Nh6 25. Bxg6 hxg6 26. Qxa6 Rc2 27. Qa7 Qh3 28. Rf2 Rxf2 29. Bxf2 Ng4 30. d7 Qxh2+ 31. Kf1 Qh1+ 32. Ke2 Rxe5+ 33. Qe3 Rxe3+ 34. Bxe3 Qg2+ 35. Ke1 Qxg3+ 36. Kd2 Qc7 37. Ke2 Qc4+ 38. Rd3 Qxd3+ 39. Kxd3 Ne5+ 40. Kc3 Nxd7 41. Kb4 Kf8 42. Kxb5 Ke7 43. Bf4 Kd8 44. a4 Kc8 45. Kc6 Nb8+ 46. Kd6 Kb7 47. Ke7 f6 48. Kf7 g5 49. Be3 g4 50. Kxg7 Nd7 51. Bf4 Nc5 52. Kxf6 g3 53. Bxg3 Ne4+ 1/2-1/2

[Event "Chigorin Memorial 23rd"]
[Site "St Petersburg"]
[Date "2015.10.09"]
[Round "7"]
[White "Menkov, Aleksandr"]
[Black "Permin, Viktor"]
[Result "1-0"]
[WhiteElo "2197"]
[BlackElo "1978"]
[PlyCount "97"]
[EventDate "2015.10.03"]
[EventType "swiss"]
[EventRounds "9"]
[EventCountry "RUS"]
[SourceTitle "CBM 168 Extra"]
[Source "ChessBase"]
[SourceDate "2015.10.29"]
[SourceVersion "1"]
[SourceVersionDate "2015.10.29"]
[SourceQuality "1"]

1. e4 e5 2. Bc4 Nc6 3. c3 Nf6 4. d4 Nxe4 5. d5 Ne7 6. Qe2 Nd6 7. Bb3 Ng6 8. Bc2 f5 9. g4 Be7 10. gxf5 Nh4 11. Qh5+ Nf7 12. d6 Bxd6 13. Bb3 g6 14. Qg4 Nxf5 15. Nf3 Qf6 16. Nbd2 N7h6 17. Qh3 Bf8 18. Ne4 Qc6 19. Bd5 Qa6 20. Bg5 Bg7 21. 0-0-0 d6 22. Kb1 c6 23. Bb3 d5 24. Nf6+ Bxf6 25. Bxf6 0-0 26. Bxe5 Nf7 27. Qg2 Nxe5 28. Nxe5 Qe2 29. Rhe1 Qh5 30. c4 Nh4 31. Qh1 Bf5+ 32. Ka1 Be4 33. Rxe4 dxe4 34. c5+ Kh8 35. Qxe4 Nf5 36. Rd7 Rae8 37. Nf7+ Kg7 38. Nd6+ Ne7 39. Nxe8+ Rxe8 40. Rxe7+ Rxe7 41. Qxe7+ Kh6 42. h4 Qf3 43. Qe1 Qh3 44. Qd2+ Kg7 45. Qd4+ Kh6 46. Qf4+ Kg7 47. Qf7+ Kh6 48. Qf8+ Kh5 49. Bd1+ 1-0

[Event "Chigorin Memorial 23rd"]
[Site "St Petersburg"]
[Date "2015.10.07"]
[Round "5"]
[White "Menkov, Aleksandr"]
[Black "Kolesnikova, Kristina"]
[Result "1-0"]
[WhiteElo "2197"]
[BlackElo "2027"]
[PlyCount "83"]
[EventDate "2015.10.03"]
[EventType "swiss"]
[EventRounds "9"]
[EventCountry "RUS"]
[SourceTitle "CBM 168 Extra"]
[Source "ChessBase"]
[SourceDate "2015.10.29"]
[SourceVersion "1"]
[SourceVersionDate "2015.10.29"]
[SourceQuality "1"]

1. Nf3 Nf6 2. g3 e6 3. Bg2 Be7 4. 0-0 0-0 5. c4 d5 6. d4 Nbd7 7. Qc2 c6 8. Nbd2 Re8 9. e4 dxe4 10. Nxe4 Nxe4 11. Qxe4 Bf6 12. Re1 Nb6 13. Ne5 Qe7 14. b3 g6 15. a4 a5 16. Ba3 Qd8 17. Rad1 Bg7 18. Qe3 f5 19. h4 Nd7 20. f4 Qb6 21. h5 gxh5 22. Bf3 Nf6 23. Re2 Ng4 24. Bxg4 hxg4 25. Rh2 Qc7 26. Kf2 Bf8 27. Bxf8 Rxf8 28. Rdh1 Re8 29. Rxh7 Qxh7 30. Rxh7 Kxh7 31. Nf7 Bd7 32. Nd6 Rf8 33. Nxb7 Ra7 34. Nc5 Re8 35. Qe5 Bc8 36. Qd6 Kg6 37. Qxc6 Rh8 38. Nxe6 Re7 39. Nf8+ Kf7 40. Qg6+ Kxf8 41. Qf6+ Kg8 42. Qxe7 1-0

[Event "Chigorin Memorial 22nd"]
[Site "St Petersburg"]
[Date "2014.10.25"]
[Round "8"]
[White "Ponomarev, Dmitry"]
[Black "Menkov, Aleksandr"]
[Result "1-0"]
[WhiteElo "2413"]
[BlackElo "2170"]
[PlyCount "105"]
[EventDate "2014.10.18"]
[EventType "swiss"]
[EventRounds "9"]
[EventCountry "RUS"]
[SourceTitle "EXT 2015"]
[Source "ChessBase"]
[SourceDate "2014.11.20"]
[SourceVersion "1"]
[SourceVersionDate "2014.11.20"]
[SourceQuality "1"]

1. d4 Nf6 2. c4 g6 3. Nc3 Bg7 4. e4 d6 5. Be2 0-0 6. Bg5 h6 7. Be3 c5 8. dxc5 Qa5 9. Bd2 Qxc5 10. Nf3 Bg4 11. Be3 Qc7 12. 0-0 Bxf3 13. Bxf3 Nc6 14. Be2 Nd7 15. Qd2 Kh7 16. Rac1 Nc5 17. f3 Qa5 18. b3 Ne6 19. Kh1 Rac8 20. f4 Ned4 21. Bd3 e6 22. f5 exf5 23. exf5 Nxf5 24. Bxf5 gxf5 25. Qd3 Rce8 26. Nd5 Ne7 27. Nxe7 Rxe7 28. Rxf5 Rxe3 29. Qb1 Qxf5 30. Qxf5+ Kg8 31. Rf1 Re6 32. Qd5 Rfe8 33. g3 R8e7 34. Kg2 b6 35. Rf2 Bc3 36. Rf4 Rg6 37. Kh3 Kg7 38. Rg4 Be5 39. Qa8 Rxg4 40. Kxg4 Bd4 41. Qd8 Re6 42. Qa8 a5 43. Qd5 Bc5 44. Qd2 Re4+ 45. Kf3 Rd4 46. Qb2 Kg8 47. a3 d5 48. b4 axb4 49. axb4 Rd3+ 50. Ke2 Bd4 51. Qa2 Re3+ 52. Kd2 dxc4 53. Qxc4 1-0

[Event "St Petersburg-ch sf"]
[Site "St Petersburg"]
[Date "2013.02.01"]
[Round "7"]
[White "Opanasenko, Mikhail"]
[Black "Menkov, Aleksandr"]
[Result "0-1"]
[WhiteElo "2013"]
[BlackElo "2168"]
[PlyCount "82"]
[EventDate "2013.01.26"]
[EventType "swiss"]
[EventRounds "9"]
[EventCountry "RUS"]
[SourceTitle "CBM 152 Extra"]
[Source "ChessBase"]
[SourceDate "2013.02.25"]
[SourceVersion "1"]
[SourceVersionDate "2013.02.25"]
[SourceQuality "1"]

1. e4 c5 2. Nf3 e6 3. d4 cxd4 4. Nxd4 a6 5. Bd3 Nc6 6. Nxc6 dxc6 7. 0-0 e5 8. Qe2 Nf6 9. Bg5 Be7 10. Nd2 Qc7 11. Kh1 h6 12. Bh4 g5 13. Bg3 h5 14. Nc4 Nd7 15. f3 h4 16. Be1 a5 17. a4 Nc5 18. Bc3 f6 19. Rfd1 Be6 20. Ne3 Nxd3 21. Qxd3 Rd8 22. Qe2 Kf7 23. b3 Rxd1+ 24. Rxd1 Rd8 25. Rxd8 Bxd8 26. Qd3 b5 27. axb5 cxb5 28. Nd5 Qc5 29. Bd2 Bxd5 30. Qxd5+ Qxd5 31. exd5 Ke7 32. c4 bxc4 33. bxc4 Kd6 34. g3 hxg3 35. hxg3 Kc5 36. f4 Kxc4 37. fxg5 fxg5 38. d6 Kd3 39. Bc1 e4 40. Kg2 e3 41. Kf1 a4 0-1

[Event "St Petersburg-ch sf"]
[Site "St Petersburg"]
[Date "2013.01.31"]
[Round "6"]
[White "Menkov, Aleksandr"]
[Black "Sichinava, Zviad"]
[Result "0-1"]
[WhiteElo "2168"]
[BlackElo "2317"]
[PlyCount "61"]
[EventDate "2013.01.26"]
[EventType "swiss"]
[EventRounds "9"]
[EventCountry "RUS"]
[SourceTitle "CBM 152 Extra"]
[Source "ChessBase"]
[SourceDate "2013.02.25"]
[SourceVersion "1"]
[SourceVersionDate "2013.02.25"]
[SourceQuality "1"]

1. e4 c5 2. Nf3 Nc6 3. Bc4 e6 4. Nc3 Nf6 5. Qe2 d6 6. 0-0 Be7 7. Rd1 Nd4 8. Nxd4 cxd4 9. Nb5 e5 10. c3 a6 11. Na3 b5 12. Bb3 0-0 13. cxd4 exd4 14. Nc2 Qb6 15. Qd3 d5 16. e5 Ng4 17. Re1 Be6 18. h3 Nh6 19. Qxd4 Bc5 20. Qf4 d4 21. d3 a5 22. Qe4 Nf5 23. Bd2 Ne7 24. Bxe6 fxe6 25. b4 axb4 26. Bxb4 Nd5 27. Bxc5 Qxc5 28. Rac1 Rf4 29. Qe2 Rxa2 30. Qd1 Qf8 31. Re4 0-1

[Event "St Petersburg-ch sf"]
[Site "St Petersburg"]
[Date "2013.01.29"]
[Round "4"]
[White "Pershin, Denis"]
[Black "Menkov, Aleksandr"]
[Result "0-1"]
[WhiteElo "2120"]
[BlackElo "2168"]
[PlyCount "114"]
[EventDate "2013.01.26"]
[EventType "swiss"]
[EventRounds "9"]
[EventCountry "RUS"]
[SourceTitle "CBM 152 Extra"]
[Source "ChessBase"]
[SourceDate "2013.02.25"]
[SourceVersion "1"]
[SourceVersionDate "2013.02.25"]
[SourceQuality "1"]

1. e4 c5 2. Nf3 e6 3. d4 cxd4 4. Nxd4 a6 5. Nc3 Qc7 6. Be2 Bb4 7. 0-0 Nf6 8. Bg5 Bxc3 9. Bxf6 gxf6 10. bxc3 Qxc3 11. f4 Nc6 12. Nxc6 bxc6 13. Qd6 Qe3+ 14. Rf2 Qb6 15. f5 Qb2 16. Raf1 Qe5 17. Qxe5 fxe5 18. fxe6 fxe6 19. Bh5+ Ke7 20. Rf7+ Kd6 21. Rg7 Rb8 22. Rff7 Rb2 23. Rxh7 Rg8 24. a3 Rxc2 25. Rf2 Rc1+ 26. Rf1 Rxf1+ 27. Kxf1 Kc5 28. g4 Kd4 29. h4 a5 30. g5 Ba6+ 31. Kg1 d5 32. Bf7 Rb8 33. g6 Rb1+ 34. Kh2 Rb2+ 35. Kh3 Bf1+ 36. Kg4 Rg2+ 37. Kh5 dxe4 38. Bxe6 e3 39. Bg4 Rxg4 40. Kxg4 e2 41. g7 Bh3+ 42. Kh5 Be6 43. Rh6 Bf7+ 44. Rg6 e1Q 45. g8Q Bxg8 46. Rxg8 Qe2+ 47. Kh6 Qe3+ 48. Rg5 e4 49. h5 Qf4 50. Kg6 Qd6+ 51. Kg7 Qe7+ 52. Kg6 e3 53. h6 e2 54. h7 Qe8+ 55. Kg7 e1Q 56. Rg4+ Kc3 57. h8Q Q1e5+ 0-1

[Event "Chigorin Memorial 20th"]
[Site "St Petersburg"]
[Date "2012.10.31"]
[Round "5"]
[White "Menkov, Aleksandr"]
[Black "Duzhakov, Ilya"]
[Result "1-0"]
[WhiteElo "2142"]
[BlackElo "2330"]
[PlyCount "73"]
[EventDate "2012.10.27"]
[EventType "swiss"]
[EventRounds "9"]
[EventCountry "RUS"]
[SourceTitle "EXT 2013"]
[Source "ChessBase"]
[SourceDate "2012.11.22"]
[SourceVersion "1"]
[SourceVersionDate "2012.11.22"]
[SourceQuality "1"]

1. e4 e6 2. d4 d5 3. e5 c5 4. c3 Qb6 5. Nf3 Nc6 6. a3 Nh6 7. b4 cxd4 8. cxd4 Nf5 9. Be3 f6 10. exf6 gxf6 11. Nc3 Nxe3 12. fxe3 Bh6 13. Qd2 0-0 14. Bd3 Kh8 15. Qf2 Qc7 16. Rc1 Qg7 17. 0-0 Bd7 18. Rce1 Rae8 19. Qb2 Rg8 20. Rf2 Ne7 21. Kh1 e5 22. e4 dxe4 23. Nxe4 Ng6 24. dxe5 fxe5 25. Nd6 Ref8 26. Bc4 Bc6 27. Bxg8 Kxg8 28. Ref1 Bf4 29. Qb3+ Kh8 30. b5 e4 31. Ng5 Bxd6 32. Nf7+ Rxf7 33. Rxf7 Qh6 34. g3 Be8 35. Rxb7 Qh3 36. Qb2+ Be5 37. Qxe5+ 1-0

[Event "Chigorin Memorial 20th"]
[Site "St Petersburg"]
[Date "2012.10.28"]
[Round "2"]
[White "Aleksandrov, Grigoriy"]
[Black "Menkov, Aleksandr"]
[Result "0-1"]
[WhiteElo "1871"]
[BlackElo "2142"]
[PlyCount "48"]
[EventDate "2012.10.27"]
[EventType "swiss"]
[EventRounds "9"]
[EventCountry "RUS"]
[SourceTitle "EXT 2013"]
[Source "ChessBase"]
[SourceDate "2012.11.22"]
[SourceVersion "1"]
[SourceVersionDate "2012.11.22"]
[SourceQuality "1"]

1. d4 Nf6 2. c4 g6 3. Nc3 Bg7 4. g3 0-0 5. Bg2 d6 6. e4 Nc6 7. Nge2 e5 8. d5 Na5 9. Qd3 c5 10. dxc6 bxc6 11. Be3 Be6 12. b3 Ng4 13. Rd1 Nxe3 14. Qxe3 Nb7 15. 0-0 Qb6 16. Qxb6 axb6 17. f4 f6 18. f5 Bf7 19. g4 b5 20. cxb5 cxb5 21. Rd2 Bh6 22. Rb2 b4 23. Na4 Be8 24. Nb6 Be3+ 0-1

[Event "Chigorin Memorial 19th"]
[Site "St Petersburg"]
[Date "2011.10.20"]
[Round "7"]
[White "Nasybullina, Alfia"]
[Black "Menkov, Aleksandr"]
[Result "0-1"]
[WhiteElo "1978"]
[BlackElo "2152"]
[PlyCount "54"]
[EventDate "2011.10.14"]
[EventType "swiss"]
[EventRounds "9"]
[EventCountry "RUS"]
[SourceTitle "CBM 144 Extra"]
[Source "ChessBase"]
[SourceDate "2011.10.28"]
[SourceVersion "1"]
[SourceVersionDate "2011.10.28"]
[SourceQuality "1"]

1. d4 Nf6 2. c4 e6 3. Nf3 b6 4. g3 Ba6 5. Qb3 c5 6. Bg2 Nc6 7. 0-0 cxd4 8. Rd1 Bc5 9. Na3 0-0 10. Nb5 e5 11. Qa4 Qc8 12. b4 Be7 13. Nxe5 Nxe5 14. Bxa8 Qxa8 15. Qxa6 d3 16. Nd4 dxe2 17. Re1 Bxb4 18. Rxe2 Bc3 19. Bf4 Bxa1 20. Bxe5 Ng4 21. Re1 Bc3 22. Rc1 Nxe5 23. Rxc3 Qe4 24. Nb5 Nf3+ 25. Kg2 Nd4+ 26. Kh3 Ne2 27. Re3 Ng1# 0-1

[Event "Chigorin Memorial 19th"]
[Site "St Petersburg"]
[Date "2011.10.19"]
[Round "6"]
[White "Menkov, Aleksandr"]
[Black "Zakharov, Yuri Vasilievich"]
[Result "0-1"]
[WhiteElo "2152"]
[BlackElo "1869"]
[PlyCount "138"]
[EventDate "2011.10.14"]
[EventType "swiss"]
[EventRounds "9"]
[EventCountry "RUS"]
[SourceTitle "CBM 144 Extra"]
[Source "ChessBase"]
[SourceDate "2011.10.28"]
[SourceVersion "1"]
[SourceVersionDate "2011.10.28"]
[SourceQuality "1"]

1. e4 e5 2. Nf3 Nc6 3. Bc4 Bc5 4. b4 Bxb4 5. c3 Be7 6. d4 Na5 7. Bxf7+ Kxf7 8. Nxe5+ Kf8 9. Qf3+ Nf6 10. Ng4 Kg8 11. Nxf6+ Bxf6 12. e5 Nc6 13. Qd5+ Kf8 14. exf6 Qxf6 15. 0-0 d6 16. Re1 Qf7 17. Qg5 Bf5 18. Bb2 h6 19. Qg3 Kg8 20. c4 Re8 21. Nd2 Kh7 22. Nf3 Nb4 23. d5 Nd3 24. Rxe8 Rxe8 25. Bc3 Bg6 26. Nd4 Nc5 27. f3 Re3 28. Be1 Qf6 29. Rd1 a6 30. Qf2 Re7 31. Bc3 Qf7 32. h4 Nd3 33. Qg3 Ne5 34. Ne6 Nxc4 35. Nxg7 Ne3 36. Re1 Nxd5 37. h5 Rxe1+ 38. Bxe1 Bxh5 39. Nxh5 Qxh5 40. Qf2 Qg6 41. Qd4 Qb1 42. Kf1 Qb5+ 43. Kf2 Qb6 44. Qxb6 Nxb6 45. Ke3 Kg6 46. Ke4 c6 47. g4 Nc4 48. f4 b5 49. Bh4 a5 50. f5+ Kg7 51. Kd4 a4 52. Bg3 a3 53. Bf4 Kh7 54. Bc1 Kg7 55. Bf4 Ne5 56. Kc3 c5 57. Kb3 b4 58. Bg3 Kf7 59. Bf4 Ke7 60. Bxh6 Nxg4 61. Bg5+ Nf6 62. Kc4 Kf7 63. Bc1 Ke8 64. Bg5 Ne4 65. Bc1 Kd7 66. Kd3 d5 67. Kc2 Ke7 68. Kb3 Kf6 69. Be3 Kxf5 0-1

[Event "Chigorin Memorial 19th"]
[Site "St Petersburg"]
[Date "2011.10.15"]
[Round "2"]
[White "Menkov, Aleksandr"]
[Black "Kokhnover, Ilya"]
[Result "1-0"]
[WhiteElo "2152"]
[BlackElo "1821"]
[PlyCount "87"]
[EventDate "2011.10.14"]
[EventType "swiss"]
[EventRounds "9"]
[EventCountry "RUS"]
[SourceTitle "CBM 144 Extra"]
[Source "ChessBase"]
[SourceDate "2011.10.28"]
[SourceVersion "1"]
[SourceVersionDate "2011.10.28"]
[SourceQuality "1"]

1. e4 c5 2. Nf3 e6 3. d4 cxd4 4. Nxd4 Nc6 5. Nc3 Qc7 6. Be3 a6 7. Be2 Nf6 8. 0-0 Bb4 9. Na4 0-0 10. Nxc6 bxc6 11. Nb6 Rb8 12. Nxc8 Qxc8 13. Bf4 Rb6 14. Bd3 Re8 15. e5 Nd5 16. Bg3 f5 17. c4 Nc7 18. Qe2 Rf8 19. f4 Be7 20. Rad1 Qb7 21. b3 Bb4 22. Bf2 c5 23. Qb2 Rc6 24. Be2 Qc8 25. Bf3 Rb6 26. a3 Ne8 27. axb4 Rxb4 28. Rd3 Rf7 29. Rfd1 a5 30. Be1 Rb8 31. Qa3 d5 32. exd6 Nf6 33. Bxa5 Ra7 34. Qa4 Rb4 35. d7 Nxd7 36. Qc6 Qxc6 37. Bxc6 Rxa5 38. Bxd7 Rb6 39. Re1 Kf7 40. Rde3 Raa6 41. Bc8 Ra3 42. Bxe6+ Kf6 43. Bd5 g6 44. Re7 1-0

[Event "Chigorin Memorial 19th"]
[Site "St Petersburg"]
[Date "2011.10.14"]
[Round "1"]
[White "Gavrilov, Alexei"]
[Black "Menkov, Aleksandr"]
[Result "1-0"]
[WhiteElo "2509"]
[BlackElo "2152"]
[PlyCount "68"]
[EventDate "2011.10.14"]
[EventType "swiss"]
[EventRounds "9"]
[EventCountry "RUS"]
[SourceTitle "CBM 144 Extra"]
[Source "ChessBase"]
[SourceDate "2011.10.28"]
[SourceVersion "1"]
[SourceVersionDate "2011.10.28"]
[SourceQuality "1"]

1. e4 c5 2. c3 e6 3. Nf3 d5 4. exd5 exd5 5. d4 Nf6 6. Bb5+ Bd7 7. Bxd7+ Nbxd7 8. 0-0 Be7 9. dxc5 Nxc5 10. Nd4 0-0 11. Nf5 Re8 12. Nxe7+ Qxe7 13. Be3 Rac8 14. Na3 a6 15. Nc2 Na4 16. Rb1 Qe4 17. Bd4 Re6 18. Re1 Qg6 19. Ne3 Nb6 20. Bxb6 Rxb6 21. Nxd5 Nxd5 22. Qxd5 h6 23. Qd4 Rb5 24. a4 Rb3 25. Qd1 Qb6 26. Qd7 Rc7 27. Qd8+ Kh7 28. g3 Rc6 29. Qd3+ g6 30. Qc2 a5 31. h4 h5 32. Re3 Rc4 33. Rf3 Kg7 34. Qe2 Qc5 1-0

[Event "St Petersburg Botvinnik 100 op"]
[Site "St Petersburg"]
[Date "2011.08.20"]
[Round "9"]
[White "Babaev, David"]
[Black "Menkov, Aleksandr"]
[Result "0-1"]
[WhiteElo "1846"]
[BlackElo "2143"]
[PlyCount "66"]
[EventDate "2011.08.12"]
[EventType "swiss"]
[EventRounds "9"]
[EventCountry "RUS"]
[SourceTitle "CBM 143 Extra"]
[Source "ChessBase"]
[SourceDate "2011.08.29"]
[SourceVersion "1"]
[SourceVersionDate "2011.08.29"]
[SourceQuality "1"]

1. e4 c5 2. Nf3 e6 3. d4 cxd4 4. Nxd4 a6 5. Nc3 Qc7 6. a3 Nf6 7. Be3 b5 8. Bd3 Bb7 9. 0-0 b4 10. axb4 Bxb4 11. Na2 Bd6 12. f4 Nxe4 13. Qg4 0-0 14. Qh4 f5 15. Rf3 Rf6 16. Bxe4 Rh6 17. Bxb7 Rxh4 18. Bxa8 Bc5 19. c3 Qa7 20. Nxf5 Bxe3+ 21. Nxe3 Qxa8 22. Nb4 Qe4 23. Raf1 a5 24. Nbc2 Nc6 25. f5 Ne5 26. R3f2 Nd3 27. Rf3 Rf4 28. fxe6 dxe6 29. Nd4 Rxf3 30. Rxf3 Nxb2 31. Nb5 a4 32. Nd6 Qe5 33. Nf7 Qxc3 0-1

[Event "St Petersburg Botvinnik 100 op"]
[Site "St Petersburg"]
[Date "2011.08.16"]
[Round "5"]
[White "Krivonos, Nikolay"]
[Black "Menkov, Aleksandr"]
[Result "0-1"]
[WhiteElo "2296"]
[BlackElo "2143"]
[PlyCount "92"]
[EventDate "2011.08.12"]
[EventType "swiss"]
[EventRounds "9"]
[EventCountry "RUS"]
[SourceTitle "CBM 143 Extra"]
[Source "ChessBase"]
[SourceDate "2011.08.29"]
[SourceVersion "1"]
[SourceVersionDate "2011.08.29"]
[SourceQuality "1"]

1. c4 Nf6 2. Nc3 g6 3. d4 Bg7 4. g3 0-0 5. Bg2 d6 6. Nf3 Nc6 7. Bf4 Nh5 8. Be3 f5 9. Qd2 e5 10. Bg5 Qd7 11. dxe5 dxe5 12. Qxd7 Bxd7 13. 0-0-0 Be6 14. Nd5 e4 15. Ne1 Rf7 16. Nc2 Ne5 17. Nce3 c6 18. Nf4 Nxf4 19. Bxf4 Nxc4 20. b3 Nxe3 21. Bxe3 Bd5 22. Kc2 a5 23. a3 a4 24. bxa4 Rxa4 25. Kb1 Rxa3 26. Bd4 Bxd4 27. Rxd4 b5 28. Rc1 Rfa7 29. Kc2 Ra1 30. Rxa1 Rxa1 31. f3 Ra2+ 32. Kc3 e3 33. Bf1 Ra1 34. Bh3 Rh1 35. Kd3 Rxh2 36. Bf1 Rh1 37. Bg2 Rg1 38. Bh3 Rxg3 39. Bf1 Rg1 40. Bh3 c5 41. Rh4 Rh1 42. Kxe3 b4 43. Kd2 Bf7 44. f4 Bd5 45. Kd3 Bg2 46. Bxg2 Rxh4 0-1

[Event "St Petersburg Botvinnik 100 op"]
[Site "St Petersburg"]
[Date "2011.08.15"]
[Round "4"]
[White "Menkov, Aleksandr"]
[Black "Kazantsev, Alexandr"]
[Result "1/2-1/2"]
[WhiteElo "2143"]
[BlackElo "1958"]
[PlyCount "84"]
[EventDate "2011.08.12"]
[EventType "swiss"]
[EventRounds "9"]
[EventCountry "RUS"]
[SourceTitle "CBM 143 Extra"]
[Source "ChessBase"]
[SourceDate "2011.08.29"]
[SourceVersion "1"]
[SourceVersionDate "2011.08.29"]
[SourceQuality "1"]

1. e4 c5 2. Nf3 d6 3. d4 cxd4 4. Nxd4 Nf6 5. Nc3 a6 6. Bg5 Nbd7 7. Be2 b5 8. f4 Bb7 9. Bf3 e5 10. Nf5 h6 11. Nxd6+ Bxd6 12. Qxd6 hxg5 13. fxe5 g4 14. exf6 gxf3 15. fxg7 Rg8 16. 0-0-0 Qe7 17. Qg3 fxg2 18. Rhg1 0-0-0 19. Rxg2 Bxe4 20. Nxe4 Qxe4 21. Rd3 Nc5 22. Rxd8+ Kxd8 23. Qd6+ Ke8 24. Rd2 f5 25. Qxc5 Rxg7 26. Qc8+ Kf7 27. Rd7+ Kg6 28. Qxa6+ Kh7 29. Rxg7+ Kxg7 30. Qa7+ Kh6 31. Qf2 f4 32. Kd2 Qd5+ 33. Ke2 Qe4+ 34. Kd1 Qd5+ 35. Ke1 Qh1+ 36. Qf1 Qxh2 37. Qxb5 Qg3+ 38. Kd1 Qg1+ 39. Ke2 Qe3+ 40. Kf1 Qf3+ 41. Ke1 Qg3+ 42. Kd1 Qg1+ 1/2-1/2